Parc de la Serralada Litoral : english english
Publicado:
Barcelona :
Diputació de Barcelona. Àrea de Territori i Sostenibilitat. Gerència de Serveis d'Espais Naturals ,
2017
Descripción Física:
1 fulletó desplegable : il·lustracions ; 45 x 45 cm
Materias:
Parc de la Serralada Litoral (Catalunya)
; Parc de la Serralada Litoral (Catalunya) -- Guies
Idioma:
English
MARC
| LEADER | 00000nam a22000007a 4500 | ||
|---|---|---|---|
| 001 | 25587 | ||
| 008 | 220523b spa||||| |||| 00| 0 eng d | ||
| 017 | |a DL B 12049-2017 | ||
| 080 | |a FU-69-54 | ||
| 110 | 1 | |a Parc de la Serralada Litoral (Catalunya) |9 52719 | |
| 245 | |a Parc de la Serralada Litoral : |b english | ||
| 260 | |a Barcelona : |b Diputació de Barcelona. Àrea de Territori i Sostenibilitat. Gerència de Serveis d'Espais Naturals, |c 2017 | ||
| 300 | |a 1 fulletó desplegable : |b il·lustracions ; |c 45 x 45 cm | ||
| 610 | 1 | 0 | |a Parc de la Serralada Litoral (Catalunya) |9 52719 |
| 610 | 1 | 0 | |9 52710 |a Parc de la Serralada Litoral (Catalunya) |v Guies |
| 710 | 1 | |9 7250 |a Barcelona (Catalunya : Província). |b Xarxa de Parcs Naturals | |
| 710 | 1 | |9 52730 |a Barcelona (Catalunya : Província). |b Gerència de Serveis d’Espais Naturals | |
| 942 | |2 udc |c ARXIU |n 1 | ||
| 952 | |0 0 |1 0 |4 0 |6 FU6954 |7 1 |9 61971 |a Arxiu |b Arxiu |d 2022-05-23 |l 0 |o FU-69-54 |p 25587 |r 2022-05-23 00:00:00 |w 2022-05-23 |y ARXIU | ||
| 999 | |c 81690 |d 81690 | ||